Vista normal
Vista MARC
Entrada Materia (personas)
Número de registros utilizados en: 1
001 - CONTROL NUMBER
- control field: 189086
003 - CONTROL NUMBER IDENTIFIER
- control field: Co-BoUCM
005 - DATE AND TIME OF LATEST TRANSACTION
- control field: 20260506145728.0
008 - FIXED-LENGTH DATA ELEMENTS
- fixed length control field: 260506|| aca||aabn | a|a d
040 ## - CATALOGING SOURCE
- Original cataloging agency: Co-BoUCM
- Transcribing agency: Co-BoUCM
100 ## - HEADING--PERSONAL NAME
- Personal name: Torres, Rondy
670 ## - SOURCE DATA FOUND
- Source citation: Work cat.: (Co-BoUCM)326364: Ponce de León, José María, 1845-1882 189081, Ester, ópera bíblica en tres actos :, 2012